Healing Conversations on Race: The HEAL Model for Diverse Christian Communities

In this article, the multi-racial team of authors—made up of biracial, White, and Black Christians—present the Healing Conversations on Race (HEAL) model for building racial unity among racially-different Christians within the Body of Christ. Both biblical and secular psychological conceptualization...

Full description

Saved in:  
Bibliographic Details
Subtitles:"Special issue: Racial unity among Christian populations"
Authors: Vazquez, Veola E. (Author) ; Knabb, Joshua J. (Author) ; Lee-Johnson, Charles (Author) ; Hays, Krystal (Author)
Format: Print Article
Language:English
Check availability: HBZ Gateway
Interlibrary Loan:Interlibrary Loan for the Fachinformationsdienste (Specialized Information Services in Germany)
Published: 2023
In: Journal of psychology and christianity
Year: 2023, Volume: 42, Issue: 2, Pages: 79-96
Standardized Subjects / Keyword chains:B Rassenkonflikt / Healing / Psychology
RelBib Classification:CG Christianity and Politics
NBE Anthropology
ZD Psychology
Further subjects:B EMOTION-focused therapy
B Humility
B Bible
B Race
B CULTURAL humility
B Healing
B Empathy
B Jesus Christ
B Christian Communities

MARC

LEADER 00000caa a22000002c 4500
001 1853914754
003 DE-627
005 20230912164442.0
007 tu
008 230731s2023 xx ||||| 00| ||eng c
035 |a (DE-627)1853914754 
035 |a (DE-599)KXP1853914754 
040 |a DE-627  |b ger  |c DE-627  |e rda 
041 |a eng 
084 |a 1  |2 ssgn 
100 1 |a Vazquez, Veola E.  |e VerfasserIn  |4 aut 
245 1 0 |a Healing Conversations on Race  |b The HEAL Model for Diverse Christian Communities 
246 1 |i Rubrikentitel  |a "Special issue: Racial unity among Christian populations" 
264 1 |c 2023 
336 |a Text  |b txt  |2 rdacontent 
337 |a ohne Hilfsmittel zu benutzen  |b n  |2 rdamedia 
338 |a Band  |b nc  |2 rdacarrier 
520 |a In this article, the multi-racial team of authors—made up of biracial, White, and Black Christians—present the Healing Conversations on Race (HEAL) model for building racial unity among racially-different Christians within the Body of Christ. Both biblical and secular psychological conceptualizations of racial disunity are offered, followed by an integrated presentation of the key sources within the HEAL model that we believe can facilitate psychological and spiritual change within racially diverse, but often segregated, Christian communities. To build the HEAL intervention, the racially-diverse Christian co-authors draw from a variety of sources, including attachment theory, emotionally focused therapy (EFT), and the diversity literature (e.g., cultural humility) in secular psychology and the Bible and spiritual formation literature in Christianity. In doing so, the authors argue that proactively displaying humility, empathy, acceptance, and love, coupled with taking several key requisite steps (e.g., praying together; reciprocally expressing vulnerable, primary emotions; articulating and responding to each other’s concrete relational needs), during difficult conversations on race can help to develop more secure, Christlike attachment bonds in cross-racial relationships and solidify racial unity one relationship and one community at a time. 
601 |a Conversano 
650 4 |a Bible 
650 4 |a Christian Communities 
650 4 |a CULTURAL humility 
650 4 |a EMOTION-focused therapy 
650 4 |a Empathy 
650 4 |a Healing 
650 4 |a Humility 
650 4 |a Jesus Christ 
650 4 |a Race 
652 |a CG:NBE:ZD 
689 0 0 |d s  |0 (DE-588)4176980-6  |0 (DE-627)105352101  |0 (DE-576)209974311  |2 gnd  |a Rassenkonflikt 
689 0 1 |d s  |0 (DE-588)4024087-3  |0 (DE-627)104235594  |0 (DE-576)20895306X  |2 gnd  |a Heilung 
689 0 2 |d s  |0 (DE-588)4047704-6  |0 (DE-627)106193821  |0 (DE-576)209074426  |2 gnd  |a Psychologie 
689 0 |5 (DE-627) 
700 1 |e VerfasserIn  |0 (DE-588)1060274116  |0 (DE-627)799365033  |0 (DE-576)416367607  |4 aut  |a Knabb, Joshua J. 
700 1 |a Lee-Johnson, Charles  |e VerfasserIn  |4 aut 
700 1 |a Hays, Krystal  |e VerfasserIn  |4 aut 
773 0 8 |i Enthalten in  |t Journal of psychology and christianity  |d Farmington Hills, Mich., 1982  |g 42(2023), 2, Seite 79-96  |w (DE-627)166575569  |w (DE-600)225945-X  |w (DE-576)015054578  |x 0733-4273  |7 nnas 
773 1 8 |g volume:42  |g year:2023  |g number:2  |g pages:79-96 
951 |a AR 
ELC |b 1 
ITA |a 1  |t 1 
LOK |0 000 xxxxxcx a22 zn 4500 
LOK |0 001 436125303X 
LOK |0 003 DE-627 
LOK |0 004 1853914754 
LOK |0 005 20230912164531 
LOK |0 008 230731||||||||||||||||ger||||||| 
LOK |0 040   |a DE-Tue135  |c DE-627  |d DE-Tue135 
LOK |0 092   |o n 
LOK |0 852   |a DE-Tue135 
LOK |0 852 1  |9 00 
LOK |0 935   |a ixzs  |a ixzo 
LOK |0 936ln  |0 144205168X  |a NBE 
LOK |0 936ln  |0 1442053747  |a ZD 
LOK |0 936ln  |0 1442043911  |a CG 
LOK |0 939   |a 31-07-23  |b l01 
ORI |a SA-MARC-ixtheoa001.raw 
REL |a 1 
STA 0 0 |a Healing,Healing,Psychology 
STB 0 0 |a Conflit racial,Affrontement ethnique,Affrontement ethnique,Guérison,Guérison,Psychologie 
STC 0 0 |a Conflicto racial,Curación,Curación,Psicología 
STD 0 0 |a Conflitto razziale,Guarigione,Guarigione,Psicologia 
STE 0 0 |a 医治,医治,治疗,治疗,心理学 
STF 0 0 |a 心理學,醫治,醫治,治療,治療 
STG 0 0 |a Conflito racial,Cura,Cura,Psicologia 
STH 0 0 |a Исцеление (мотив),Исцеление,Психология,Расовый крнфликт 
STI 0 0 |a Ίαση <μοτίβο>,Ίαση,Θεραπεία,Θεραπεία (μοτίβο),Φυλετική διαμάχη,Ψυχολογία 
SUB |a REL 
SYG 0 0 |a Heilen,Krankenheilung , Psychology,Psyche,Psychologische Theorie,Psychologischer Aspekt,Theoretische Psychologie,Mensch